000 00584nam a22001937a 4500
003 NUST
005 20250618110246.0
008 171002b xxu||||| |||| 00| 0 eng d
040 _cNUST
082 _a200
100 _aMohsin,Usama
_95152
245 _aRelationship between crime and output in the presence of political instability /
_cUsama Mohsin
260 _aIslamabad
_c2017
_bS3H NUST
300 _a37p
600 _xMS-Economics
_9127866
700 _4Supervisor:  Dr. Zahid Siddique
856 _uhttp://10.250.8.41:8080/xmlui/handle/123456789/3601
942 _2ddc
_cSC
999 _c331520
_d331520